The wok [a Chinese cook book / (Record no. 200466574)

MARC details
000 -LEADER
fixed length control field 00951cam a2200337 i 4500
001 - CONTROL NUMBER
control field 200466574
003 - CONTROL NUMBER IDENTIFIER
control field TR-AnTOB
005 - DATE AND TIME OF LATEST TRANSACTION
control field 20251216111542.0
007 - PHYSICAL DESCRIPTION FIXED FIELD--GENERAL INFORMATION
fixed length control field ta
008 - FIXED-LENGTH DATA ELEMENTS--GENERAL INFORMATION
fixed length control field 251216s1970 caua 001 0 eng d
010 ## - LIBRARY OF CONGRESS CONTROL NUMBER
LC control number 79019094
020 ## - INTERNATIONAL STANDARD BOOK NUMBER
International Standard Book Number 0911954066
035 ## - SYSTEM CONTROL NUMBER
System control number 1337033
040 ## - CATALOGING SOURCE
Original cataloging agency DLC
Language of cataloging eng
Description conventions rda
Transcribing agency DLC
Modifying agency DLC
-- TR-AnTOB
041 0# - LANGUAGE CODE
Language code of text/sound track or separate title İngilizce
050 00 - LIBRARY OF CONGRESS CALL NUMBER
Classification number TX724.5.C5
Item number L44 1970
090 ## - LOCALLY ASSIGNED LC-TYPE CALL NUMBER (OCLC); LOCAL CALL NUMBER (RLIN)
Classification number (OCLC) (R) ; Classification number, CALL (RLIN) (NR) TX724.5.C5
Local cutter number (OCLC) ; Book number/undivided call number, CALL (RLIN) L44 1970
100 1# - MAIN ENTRY--PERSONAL NAME
Personal name Lee, Gary
Titles and words associated with a name (Cooking teacher)
Relator term author
9 (RLIN) 151164
245 14 - TITLE STATEMENT
Title The wok [a Chinese cook book /
Statement of responsibility, etc. Gary Lee.
264 #1 - PRODUCTION, PUBLICATION, DISTRIBUTION, MANUFACTURE, AND COPYRIGHT NOTICE
Place of production, publication, distribution, manufacture Concord, Calif. :
Name of producer, publisher, distributor, manufacturer Nitty Gritty Productions,
Date of production, publication, distribution, manufacture, or copyright notice [1970]
Date of production, publication, distribution, manufacture, or copyright notice ©1970
300 ## - PHYSICAL DESCRIPTION
Extent 176 pages :
Other physical details illustration ;
Dimensions 14 cm
336 ## - CONTENT TYPE
Content type term text
Content type code txt
Source rdacontent
337 ## - MEDIA TYPE
Media type term unmediated
Media type code n
Source rdamedia
338 ## - CARRIER TYPE
Carrier type term volume
Carrier type code nc
Source rdacarrier
650 #0 - SUBJECT ADDED ENTRY--TOPICAL TERM
Topical term or geographic name entry element Cooking, Chinese.
Topical term or geographic name entry element Wok cooking
9 (RLIN) 151166
942 ## - ADDED ENTRY ELEMENTS (KOHA)
Source of classification or shelving scheme Library of Congress Classification
Koha item type Book
Holdings
Withdrawn status Lost status Source of classification or shelving scheme Not for loan Collection code Home library Current library Shelving location Date acquired Source of acquisition Total Checkouts Full call number Barcode Date last seen Date shelved Koha item type Public note
    Library of Congress Classification Ödünç Verilebilir / Available Genel Koleksiyon Merkez Kütüphane Merkez Kütüphane Genel Koleksiyon / Main Collection 16/12/2025 Bağış / Donation   TX724.5.C5 L44 1970 0073981 16/12/2025 16/12/2025 Book Donated by Dr. Hasan Deniz.
Devinim Yazılım Eğitim Danışmanlık tarafından Koha'nın orjinal sürümü uyarlanarak geliştirilip kurulmuştur.